[Event "5th Vardaris Open 2019"]
[Site "Thessaloniki"]
[Date "2019.03.11"]
[Round "7.9"]
[White "Gavrish, Leonid"]
[Black "Yordanov, Lachezar"]
[Result "1/2-1/2"]
[WhiteElo "2092"]
[BlackElo "2308"]
[Annotator "TA"]
[PlyCount "81"]
[EventDate "2019.02.27"]
[EventType "swiss"]
[EventCountry "GRE"]
[SourceTitle "playchess.com"]
[Source "ChessBase"]
[SourceQuality "1"]

{[%evp 19,81,6,34,11,30,11,20,22,34,28,25,23,23,23,20,22,26,37,25,22,31,40,34,45,41,23,39,10,37,26,91,100,99,30,27,9,54,56,80,47,65,0,64,60,63,0,18,16,74,-7,-6,-12,-16,-18,0,0,0,0,0,0,0,0,0,0]} 1. d4 Nf6 2. c4 e6 3. Nc3 Bb4 4. e3 O-O 5. Bd3 c5 6. Nge2 cxd4 7. exd4 d5 8. cxd5 Nxd5 9. O-O Nc6 {[%cal Bb8c6,Bc6e7,Be7d5][%mdl 32]} 10. Nxd5 Qxd5 11. Be3 {E48: Nimzo-Indian: Rubinstein: 5 Bd3 d5 including 6 Ne2, but excluding 6 a3} (11. a3 Be7 12. Qc2 g6 13. Rd1 Bf6 14. Be4 Qd8 15. Bh6 Re8 16. d5 exd5 17. Bxd5 Qe7 18. Ng3 Be6 19. Ne4 Nd4 {0-1 (56) Tregubov,P (2585)-Inarkiev,E (2709) Doha 2016}) 11... Ne7 12. a3 Bd6 13. Nc3 Qa5 14. Ne4 Qd8 15. Rc1 Nd5 16. Qh5 $146 ({Predecessor:} 16. Nxd6 Qxd6 17. Qc2 h6 18. Bh7+ Kh8 {½-½ (27) Kregelin,J (2168)-Skorna,U (2042) GER email 2009}) 16... f5 17. Bg5 $40 {[%mdl 128] White is up to no good.} Be7 18. Bxe7 Qxe7 19. Nc3 Nxc3 20. Rxc3 Qd6 21. Bc4 Qxd4 22. Rd1 Qf6 23. f4 {[%mdl 1024] White has compensation.} Kh8 24. Qe2 Qe7 (24... h6 $11) 25. Qe5 $16 Qf6 26. Re3 (26. Qc7 $16) 26... Qxe5 $11 27. Rxe5 (27. fxe5 {looks sharper.} b6 28. Red3 Rb8 29. Rd6 g5 30. Rd8) 27... Re8 28. Bb5 Rf8 29. Kf2 g6 30. Ke3 ({Better is} 30. Rc5 $14) 30... Kg7 ({Black should try} 30... b6 $11) 31. Rc5 $14 a6 32. Bd7 (32. Be2 $14) 32... Rd8 33. Rc7 {[#] Threatens to win with Bxc8+.} Kf6 (33... Rxd7 $11 {remains equal.} 34. Rdxd7+ Bxd7 35. Rxd7+ Kf6) 34. Rd6 ({White should play} 34. Ba4 $16 Rxd1 35. Bxd1) 34... Bxd7 {The position is equal.} 35. Rdxd7 Rxd7 36. Rxd7 $11 {KR-KR} b5 37. Rxh7 Rc8 38. Kd2 Rc4 39. g3 e5 40. fxe5+ Kxe5 41. Re7+ {Accuracy: White = 53%, Black = 40%.} 1/2-1/2

[Event "5th Vardaris Open 2019"]
[Site "Thessaloniki"]
[Date "2019.03.11"]
[Round "7.10"]
[White "Salahidou, Reveka"]
[Black "Tsekmes, Dimitrios"]
[Result "0-1"]
[WhiteElo "1941"]
[BlackElo "2138"]
[Annotator "TA"]
[PlyCount "78"]
[EventDate "2019.02.27"]
[EventType "swiss"]
[EventCountry "GRE"]
[SourceTitle "playchess.com"]
[Source "ChessBase"]
[SourceQuality "1"]

{[%evp 17,78,-24,-30,-61,-61,-58,-62,-59,-68,-69,-60,-63,-59,-77,-104,-109,-102,-132,-28,-133,-27,-28,-36,-39,-42,-116,-134,-213,-213,-580,-570,-654,-452,-435,-428,-523,-506,-477,-492,-521,-475,-558,-498,-529,-519,-554,-530,-589,-592,-662,-643,-697,-692,-682,-657,-29983,-29983,-29980,-6045,-29981,-29960,-6532,-4718]} 1. e4 e5 2. Nf3 Nc6 3. d4 exd4 4. Nxd4 Nf6 5. Nxc6 bxc6 6. e5 Qe7 7. Qe2 Nd5 8. h4 a5 {C45: Scotch Game} 9. c4 Nb6 {LiveBook: 15 Games} 10. b3 $146 ({Predecessor:} 10. Nd2 Qe6 11. Nf3 Bb4+ 12. Bd2 Bxd2+ 13. Nxd2 O-O 14. O-O-O Re8 15. f4 d6 16. Rh3 {½-½ (33) Nakamura,H (2787)-Robson,R (2660) Saint Louis 2018}) 10... a4 {Black is slightly better.} 11. Bb2 axb3 12. axb3 Rxa1 13. Bxa1 Qb4+ 14. Nd2 $1 Qa5 $1 {[%cal Ra5a1]} 15. Bd4 Bb4 16. Qd3 O-O 17. Qc2 {[#]} d6 (17... d5 $1 $17 {aiming for ...c5.} 18. exd6 Bg4) 18. exd6 (18. Bd3 $11) 18... Bf5 ({Reject} 18... Bxd6 $6 19. Bd3 $11) (18... Bg4 $17 19. f3 Bf5) 19. Bd3 $11 Bxd3 20. Qxd3 cxd6 21. Kd1 (21. O-O $15 Bxd2 22. Ra1) 21... d5 $36 {[%mdl 2048] Black is really pushing.} 22. Qe3 (22. h5 $17 {was called for.} h6 23. Qg3) 22... dxc4 $19 23. Nxc4 $2 (23. bxc4 {was the crucial defense.} Bxd2 24. Qxd2 Qa4+ 25. Ke2 Re8+ 26. Kf3 Nxc4 27. Qf4) 23... Nxc4 24. bxc4 {If only White now had time for Qe5....} Qa4+ 25. Ke2 {[#]} c5 $1 {[%mdl 512]} 26. Be5 (26. Bxc5 Re8) 26... Qc2+ 27. Kf3 Re8 28. Ra1 f6 29. Kg3 fxe5 30. Ra7 Qc3 31. Qxc3 Bxc3 {[%mdl 4096] Endgame KRB-KR} 32. f3 h6 33. Rc7 Bd4 {...e4 is the strong threat.} 34. Kg4 e4 35. fxe4 Rxe4+ 36. Kh5 Kh7 37. Rf7 Bf6 (37... Bc3 $142 38. g3 Rxc4 39. Rd7 Rd4 40. Rxd4 cxd4 41. Kg4 d3 42. Kf3 Bd4 43. g4 Bb6 44. Ke4 d2 45. Kd5 d1=Q+ 46. Kc4 Qxg4+ 47. Kb5 Be3 48. Kc6 Qc4+ 49. Kb7 Qd5+ 50. Kc7 h5 51. Kc8 Bb6 52. Kb8 Qd7 53. Ka8 Qc8#) 38. g3 Rxc4 39. g4 Re4 {Precision: White = 23%, Black = 64%.} 0-1